Yoga poses in sanskrit - Statistics

General Stats
  • This quiz has been taken 249 times
    247 since last reset
  • The average score is 7 of 71
Answer Stats
Hint Answer % Correct
Mountain pose Tadasana
86%
Corpse Savasana
44%
Child's pose Balasana
32%
Fierce pose Utkatasana
31%
Seated staff Dandasana
24%
Lotus Padmasana
24%
Warrior Virabhadrasana
24%
Sun salutations Surya namaskar
21%
Hero Virasana
21%
Half moon Ardha chandrasana
17%
Cobra Bhujangasana
17%
Plough Halasana
17%
Extended triangle Utthita trikonasana
16%
Tree pose Vrkasana
16%
Easy pose Sukhasana
15%
Eagle Garudasana
14%
Four limbed staff Chaturanga dandasana
13%
Half fierce pose Ardha utkatasana
12%
Bound angle pose Baddha konasana
12%
Cow face pose Gomukasana
12%
Bow Dhanurasana
11%
Head to knee pose Janu sirsasana
11%
Camel Ustrasana
11%
Crane Bakasana
10%
Fish Matsyasana
10%
Standing forward bend Uttasana
9%
Pose of the sage Marichi Marichiasana
8%
Dancer Natarajasana
8%
Reclined hero Supta virasana
8%
One legged king pigeon Eka pada raja kapotasana
7%
Crescent moon lunge Eka pada raja kapotasana
7%
Revolved triangle Parivrtta trikonasana
6%
Locust Salabasana
6%
Half lord of the fishes pose Ardha matsyendrasana
5%
Wide legged forward bend Prasarita padottanasana
5%
Purvottasana Purvottasana
5%
Supported headstand Salamba sirsasana
5%
Reclined bound angle Supta baddha konasana
5%
Extended side angle Utthita parsvakonasana
5%
Revolved side angle Parivrtta parsvakonasana
4%
Seated forward bend Paschimottanasana
4%
Supported shoulderstand Salamba sarvangasana
4%
Wheel Urdhva dhanurasana
4%
Revolved half moon Parivrtta ardha chandrasana
3%
Bridge Setu bandhasana
3%
Bhavaduaja's twist Bhavaduajasana
2%
Gate Parighasana
2%
Full boat Paripurna navasana
2%
Revolved lotus twist Parivrtta padmasana
2%
Upwards facing dog Urdhva mukha svasana
2%
Standing splits Urdhva prasarita eka padasana
2%
Side plank Vasisthasana
2%
Half bound seated lotus Ardha baddha padma paschimottanasana
1%
One legged standing forward bend Eka pada uttanasana
1%
Head to knee Karnapidasana
1%
Side crane Parsva bakasana
1%
Intense chest stretch Parsvottasana
1%
Reclined wide angle pose Supta konasana
1%
One leg folded back forward bend Trianga mukhaikapada paschimottanasana
1%
Wide angle seated bend Upavistha konasana
1%
Extended hand foot big toe Utthita hasta padangustasana
1%
Legs up the wall Viparita karani
1%
Plank Adho mukha dandasana
0%
Handstand Adho mukha vrkasana
0%
Half bound standing lotus Ardha baddha padmottasana
0%
One legged bridge Eku padu setu bandhasana
0%
Monkey god pose Hamunanasana
0%
Revolved belly twist Jakhara parivartanasana
0%
Forearm balance Pinchamayrasana
0%
Sideways splits Samakonasana
0%
Reclined big toe pose Supta padangustanasana
0%
No matching quizzes found
Score Distribution
Percent of People with Each Score
Percentile by Number Answered
Your Score History
You have not taken this quiz since the last reset